00000000nam##2200000za#4500
0019.695931
003CaOODSP
00520210624234813
007cr |||||||||||
008150407|1996||||xxc|||||o    f|0| 0 eng|d
040 |aCaOODSP|beng
043 |an-cn---
0861 |aSN3-227/1-1996E-PDF
1101 |aCanada.|bNational Library of Canada.
24514|aThe accessible Canadian library II : |h[electronic resource]|bA resource tool for librarians serving persons with disabilities / |cby Wendy Scott with the assistance of Ann Archer.
260 |aOttawa - Ontario : |bNational Library of Canada |c1996.
300 |a104p.|breferences, tables
500 |aThe catalogue number (SN3-227/1-1996) and ISBN (0-660-66057-9) for the bilingual print edition have been incorrectly copied in this electronic publication.
590 |a12-15-Supp|b2012-04-13
7201 |aScott, Wendy
7201 |aArcher, Ann
77508|tLa bibliothèque canadienne accessible II : |w(CaOODSP)9.640051
7760#|tThe accessible Canadian library II : |w(CaOODSP)9.658835
7760#|tLa bibliothèque canadienne accessible II : |w(CaOODSP)9.658836
85640|ahttp://publications.gc.ca|qPDF|s322 KB|uhttps://publications.gc.ca/collections/Collection/SN3-227-1-1996E.pdf